Loading...
| History - American | 0 | 3 | 0 | 0 | 30 | 112 | 131.33 | 0 | 2 | 0.00 | 0.00 |
| Other Arts: Visual | 0 | 2 | 0 | 1 | 20 | 94 | 112.00 | 0 | 2 | 0.00 | 0.00 |
| History - European | 0 | 2 | 0 | 2 | 20 | 142 | 148.00 | 0 | 2 | 0.00 | 0.00 |
| History - World | 1 | 0 | 0 | 0 | 15 | 55 | 55.00 | 1 | 1 | 0.00 | 0.00 |
| Literature - European | 0 | 1 | 0 | 0 | 10 | 137 | 137.00 | 0 | 1 | 0.00 | 0.00 |
| Other Academic | 0 | 1 | 0 | 0 | 10 | 145 | 145.00 | 0 | 1 | 0.00 | 0.00 |
| Other Arts: Auditory | 0 | 1 | 0 | 0 | 10 | 162 | 162.00 | 0 | 1 | 0.00 | 0.00 |
| Other Science: Astronomy | 0 | 1 | 0 | 1 | 10 | 151 | 151.00 | 1 | 1 | 0.00 | 0.00 |
| Other Science: Math | 0 | 1 | 0 | 1 | 10 | 151 | 151.00 | 0 | 1 | 0.00 | 0.00 |
| World and Other Literature | 0 | 1 | 0 | 1 | 10 | 139 | 139.00 | 0 | 1 | 0.00 | 0.00 |
| Current Events | 0 | 1 | 0 | 0 | 10 | 111 | 111.00 | 0 | 1 | 0.00 | 0.00 |
| Geography | 0 | 1 | 0 | 0 | 10 | 91 | 91.00 | 0 | 1 | 0.00 | 0.00 |
| Literature - American | 0 | 1 | 0 | 1 | 10 | 124 | 124.00 | 0 | 1 | 0.00 | 0.00 |
| Science - Chemistry | 0 | 1 | 0 | 0 | 10 | 138 | 138.00 | 0 | 0 | 0.00 | 0.00 |
| Science - Physics | 0 | 1 | 0 | 0 | 10 | 108 | 108.00 | 1 | 1 | 0.00 | 0.00 |
| Beliefs | 0 | 1 | 1 | 0 | 5 | 126 | 126.00 | 0 | 1 | 0.00 | 0.00 |
| Philosophy | 0 | 1 | 1 | 0 | 5 | 130 | 130.00 | 0 | 1 | 0.00 | 0.00 |
| Science - Biology | 0 | 0 | 1 | 0 | -5 | 0.00 | 0 | 0 | 0.00 | 0.00 |